000 01946nam a2200433 c 4500
003 BLK
005 20240306150221.0
008 180413b bul|||||r ||||||| ||bul||
010 _aKNG00024309000
020 _a954-8258-99-4
_bиздат.: Пик
040 _aBLK
041 _aBUL
_cBUL
080 _aМузикални изпълнители (инструменталисти, певци), интерпретатори, диригенти
_b78.071.2
_x(497.2)(092)(093.3)
_z78.071.2(497.2)(092)(093.3)
080 _aБългарски диригент, русенец
_b929 Вачев, Стефан Иванов
_x
_z929 Вачев, Стефан Иванов
100 _aВачев, Стефан
_d1914-2005
_9365694
139 _aВачев, Стефан
_bВ 31
245 1 0 _aПо изминатия път на диригента
_cСтефан Вачев.
257 _aBGR
260 В. Търново
_bПик
_c1998
_fВ. Търново : Абагар
300 _a247 с.
_bс ил., портр.
_c21 см
380 _a7
500 _aДеп. списък: 41 ; 1 000 тир Място на печат: В. Търново Име на печатница: Абагар Геогр. руб.: България
600 0 _aВачев, Стефан
_d1914-2005
_9365694
650 4 _aДиригенти, български - спомени
_9244381
650 4 _aОркестри, български - спомени
_9245153
650 4 _aХорове, български - история
_9250916
651 4 _aБългария
_9241624
651 4 _aРусе
_9179462
653 _aБългария
653 _aдиригенти
653 _aспомени
653 _aРусе
852 _aЦб 195410
856 4 _qpdf
_u
856 4 _qpdf
_u
942 _cKNG
_n0
_02
944 _aCR
_c15.01.2003
_k30558
_lВаля Йорданова
944 _aED
_c26.06.2015
_kИрена_Линкова
999 _c21977
_d21977